| 000 | 00643nam a22002057a 4500 | ||
|---|---|---|---|
| 003 | 0 | ||
| 005 | 20241121153143.0 | ||
| 008 | 241121b xxu||||| |||| 00| 0 eng d | ||
| 020 | _a 9780443110351 | ||
| 050 |
_aRT 62 _b.Z47 2025 |
||
| 100 |
_aZerwekh, JoAnn, _eauthor. |
||
| 245 |
_aIllustrated study guide for the NCLEX-PN exam / _cJoAnn Zerwekh. |
||
| 250 | _a10 ed. | ||
| 260 |
_aSt. Louis, Missouri : _bElsevier, _c2025. |
||
| 300 |
_axii, 656 p. : _bcol. ill. ; _c28 cm. |
||
| 504 | _aIncludes bibliographical references and index. | ||
| 650 | _aNursing examinations, question, etc. | ||
| 650 | _aPractical nursing. | ||
| 942 |
_2lcc _cBK |
||
| 999 |
_c366778 _d366778 |
||